Tous les pays ayant participé à l'Euro - Statistiques

Statistiques générales
  • Ce quiz a été pris 274 fois
  • Le résultat moyen est 180 sur 201
Statistiques - réponses
Nations % Correct
Allemagne
100%
France
100%
Espagne
99%
Angleterre
98%
Italie
98%
Portugal
98%
Suède
97%
Belgique
94%
Irlande
94%
Suisse
94%
Finlande
93%
Russie
93%
Grèce
92%
Norvège
92%
Pays-Bas
92%
Autriche
91%
Croatie
91%
Danemark
91%
Hongrie
89%
Pologne
89%
Roumanie
89%
Slovaquie
89%
Slovénie
88%
Ukraine
88%
Écosse
87%
Turquie
87%
Islande
85%
Albanie
84%
Tchéquie
83%
Serbie
82%
Pays de Galles
81%
Bulgarie
80%
URSS
76%
Yougoslavie
75%
Lettonie
69%
Irlande du Nord
68%
Macédoine du Nord
65%
Tchécoslovaquie
63%
RFA
46%
Serbie-et-Monténégro
6%
Communauté des États Indépendants (CEI)
4%
Aucun quiz correspondant
Distribution des résultats
% des personnes avec chaque résultat
Percentile par nombre de réponses
Votre historique - résultats
Vous n’avez pas pris ce quiz